000 00550nam a2200193Ia 4500
008 191130s2007##################000#0#eng##
020 _a9780470809440
040 _aACL
_cACL
082 _a650.015195 BLA
100 _aBlack, Ken
245 _aAustralasian business statistics
_cKen Black ...[et al.]
260 _aHoboken, NJ
_bJohn Wiley & Sons
_c2007
300 _axxii, 951 p. : ill. ; 28 cm
650 _aBusiness Statistics
650 _aStatistics
990 _acaecb0d2ac10000c41b08ab25bd9ae89
991 _a361937
999 _c246569
_d246569